|
|
|
|
| LEADER |
00000nam a2200000 a 4500 |
| 001 |
vtls001356209 |
| 003 |
SK-MaSNL |
| 005 |
20260301070506.0 |
| 008 |
240314s1998 xo a r slo |
| 015 |
|
|
|a SNBA1999/05-01725
|
| 020 |
|
|
|a 808547154X
|
| 035 |
|
|
|a SNK000309681
|
| 035 |
|
|
|a urn:nbn:sk:snk-amthuz
|
| 035 |
|
|
|a urn:nbn:sk:snk-am00c5ac
|
| 035 |
|
|
|a CD385D70-EFDB-4C61-B0BD-46F95C9F10B0
|
| 040 |
|
|
|a SNK
|b slo
|c SNK
|e AACR2
|
| 041 |
0 |
|
|a slo
|
| 044 |
|
|
|a xo
|c SK
|
| 080 |
|
|
|a 372.851(079.1)
|2 1981
|
| 100 |
1 |
|
|a Hrdina, Ľudovít
|4 aut
|9 211655
|
| 245 |
1 |
0 |
|a Mama, otec, pripravte ma do prímy! Matematika
|c Ľudovít Hrdina, Milan Maxian
|
| 260 |
|
|
|a Nitra
|b Enigma
|c 1998
|
| 300 |
|
|
|a [50] s.
|b fareb. ilustr.
|c 30 cm
|e 1 brož.
|
| 500 |
|
|
|a Ilustr. Lucia Mertlová
|
| 650 |
0 |
7 |
|a matematika
|x skúšky prijímacie
|x gymnáziá osemročné
|x testy
|2 SNK
|9 292258
|
| 655 |
|
7 |
|a príručky
|2 SNK
|9 74364
|
| 700 |
1 |
|
|a Maxian, Milan
|4 aut
|9 7273
|
| 700 |
1 |
|
|a Mertlová, Lucia
|4 ill
|9 45697
|
| 919 |
|
|
|a 80-85471-54-X
|
| 958 |
|
|
|a TL
|
| 999 |
|
|
|c 634530
|d 636460
|
| 952 |
|
|
|t P60, <03>, [BOOK], {603}
|a SNK
|b SNK
|y PREZ
|7 0
|p 17A0181044
|o snkSB 59907
|i snkKSP 2035/99
|0 0
|1 0
|4 0
|d 1999-02-26
|f 1
|l 0
|r 2025-04-09 00:00:00
|w 2026-02-23
|
| 952 |
|
|
|t P60, <04>, [BOOK], {604}
|a SNK
|b SNKPULT
|y VYP
|7 0
|p 17A0183109
|o snkSB 59907 D1
|i snkKSP 2166/99
|0 0
|1 0
|4 0
|d 1999-03-01
|l 1
|m 3
|q 2026-05-25
|r 2026-02-28 18:58:54
|s 2026-02-28
|w 2026-02-23
|